[Event "The Asheboro Open XXI"]
[Site "?"]
[Date "2007.02.10"]
[Round "3"]
[White "McCartney, Patrick"]
[Black "Simpson, Ron"]
[Result "0-1"]
[WhiteElo "2026"]
[BlackElo "2316"]
[Annotator "Fritz 9 (30s)"]
[PlyCount "120"]
[SourceDate "2006.11.11"]

{A00: Irregular Openings} 1. Nc3 d5 2. e4 dxe4 3. Nxe4 e5 4. Bc4 Qe7 (4... Bd6
5. Nf3 Bf5 6. Nfg5 Nh6 7. Qf3 Qd7 8. Ng3 Nc6 9. Nxf5 Nxf5 10. Bxf7+ Ke7 11. Be6
Ncd4 12. Qxf5 Nxf5 13. Bxd7 Kxd7 14. d3 Nd4 15. Kd1 a5 16. Be3 Ne6 17. Nxe6
Kxe6 18. a4 h5 19. Kd2 {
Schlindwein,R (2345)-Touzane,O (2330)/Altensteig 1993/CBM 035 ext/1-0 (43)}) 5.
Nf3 Bg4 $146 {White's piece can't move: c1} (5... Be6 6. Qe2 Bxc4 7. Qxc4 Nc6
8. O-O Nf6 9. Re1 Qb4 10. Nxe5 O-O-O 11. Nxf6 gxf6 12. Qg4+ {
1/2-1/2 Steyer,B (2142)-Sehn,N/Germany 2002/EXT 2004}) (5... h6 6. O-O Nf6 7.
Nxf6+ Qxf6 8. Nxe5 Be6 9. Bxe6 Qxe6 10. Re1 Be7 11. b3 O-O 12. Bb2 Qd6 13. Qf3
Bf6 14. Qxb7 Na6 15. Nc4 Nc5 16. Qxa8 Bxb2 17. Qxa7 Qf6 18. Nxb2 Ne6 19. Nc4
Nd4 20. Ne5 {Geuss,P (2068)-Fries,W/Bad Woerishofen 2002/EXT 2003/1-0}) 6. O-O
{White castles and improves king safety} Nd7 7. d3 O-O-O {
Black castles and improves king safety} 8. Be3 (8. Qe2 Nh6 $14) 8... Kb8 (8...
f5 $142 $5 {should be considered} 9. Neg5 e4 $11) 9. h3 {
White threatens to win material: h3xg4} Bh5 10. Ng3 Bg6 11. b4 h6 {Secures g5}
(11... Nb6 12. Bxb6 cxb6 13. Qe2 $14) 12. Re1 f5 13. Bd4 e4 (13... f4 14. Nxe5
Nxe5 15. Rxe5 $16) 14. c3 $18 Bh7 15. Qa4 Nb6 16. Qb3 (16. Qa5 $5 Nf6 $18)
16... Nf6 17. a4 (17. Bc5 Qd7 18. Ne5 Qe8 19. Bxb6 Qxe5 $16) 17... Nxc4 18.
dxc4 {Black has the pair of bishops.} (18. Qxc4 $5 Bg8 19. Qb5 $16) 18... Nd7 (
18... f4 19. Nf1 $15) 19. a5 {White gets more space} Qf7 20. Ne5 (20. a6 b6 (
20... exf3 $4 {is definitely not advisable} 21. axb7 a6 22. Rxa6 Kxb7 23. Ra7+
Kc8 24. Qd1 $18) 21. Qa4 Qxc4 $14 (21... exf3 {
is impossible because of the following mating combination} 22. Qc6 Nc5 23. Bxc5
Qd5 24. cxd5 Kc8 25. Re8 Bxc5 26. Qa8+ Kd7 27. Qxd8#)) 20... Nxe5 $15 21. Bxe5
Bd6 22. Bxd6 Rxd6 23. Rad1 (23. Ne2 f4 24. Nd4 Rg6 $15) 23... Rhd8 (23... Rxd1
$142 $5 24. Qxd1 Qxc4 $17) 24. Rxd6 $15 Rxd6 25. Rd1 (25. b5 c5 $15) 25... f4 {
Black threatens to win material: f4xg3} (25... Rd3 26. b5 $17) 26. Nf1 (26.
Rxd6 cxd6 27. Nf1 Bg8 $15) 26... Bg8 (26... Rd3 27. b5 $17) 27. Rxd6 {
White has a mate threat} cxd6 {Black has a new backward pawn: d6} 28. Qd1 {
White threatens to win material: Qd1xd6} Qf6 (28... Qe7 29. Qd4 $15) 29. Qh5 (
29. Nd2 $5 {should be investigated more closely} Bh7 30. Nb3 $11) 29... Bf7 30.
Qe2 Bg6 (30... Qe5 $5 $17) 31. Qd2 Bf7 {Black threatens to win material: Bf7xc4
} 32. Qe2 Qe5 (32... Qxc3 $6 33. Qxe4 Qe5 34. Qd3 $11) 33. Nd2 e3 34. fxe3 fxe3
{Black has a new passed pawn: e3.} 35. Nf1 {
White threatens to win material: Nf1xe3} Qxc3 36. Qxe3 Qxb4 (36... Qxc4 $5 37.
Qe7 Qd4+ 38. Ne3 a6 $15) 37. Qe7 $11 {White has a mate threat} Qc5+ (37... Qxc4
38. Qxd6+ Kc8 39. Qf8+ Kd7 40. Qxg7 $11) 38. Kh1 (38. Ne3 a6 39. Kf2 Bxc4 40.
Qd8+ Ka7 41. Qb6+ Qxb6 42. axb6+ Kxb6 43. Nxc4+ Kc5 $11) 38... Bxc4 39. Qf8+ (
39. Ne3 $142 {and White can hope to survive} Bb3 40. Qd8+ Qc8 41. Qxd6+ Qc7 42.
Qf8+ Qc8 43. Qd6+ Qc7 44. Qf8+ Qc8 45. Qd6+ $11) 39... Kc7 $17 40. Qxg7+ (40.
Nd2 $5 Be6 41. Qxg7+ Bd7 42. Qxh6 Qxa5 43. Qe3 $19) 40... Kc6 $19 41. Qf8 Qxa5
42. Qe8+ Kc5 43. Qc8+ Kb4 44. Qxb7+ Qb6 45. Qe4 d5 46. Qe1+ Kb5 47. Nd2 (47.
Qe8+ Ka5 48. Nd2 Qf2 $17) 47... Qd4 (47... a5 $5 48. Qe8+ Qc6 49. Qe3 $19) 48.
Qe8+ Kb4 49. Nxc4 $4 {another bit of territory lost} (49. Qf8+ $142 Kc3 50. Nf3
$17) 49... dxc4 $19 (49... Kxc4 $6 50. Qa4+ Kd3 51. Qd1+ Ke4 52. Qf3+ Ke5 53.
Qh5+ Ke6 54. Qxh6+ Kd7 55. Qa6 $11) 50. Qf8+ Kb3 51. Qxh6 (51. Qf5 {
is one last hope} Qd1+ 52. Kh2 $19) 51... c3 52. Qe6+ Qc4 53. Qe3 (53. Qe5 {
does not solve anything} c2 54. Qb8+ Qb4 55. Qg3+ Kb2 56. Qg7+ Kb1 $19) 53...
a5 54. Qb6+ (54. h4 {a last effort to resist the inevitable} a4 55. Kg1 $19)
54... Qb4 55. Qe6+ Kb2 56. Kh2 (56. h4 a4 57. Kg1 c2 58. Qe2 a3 59. g3 a2 60.
Kf1 a1=Q+ 61. Kg2 Qb7+ 62. Kh3 Qah1+ 63. Kg4 Qg7+ 64. Kf4 Qd4+ 65. Kg5 Qhd5+
66. Kg6 Qg8+ 67. Kf5 Qf7+ 68. Kg5 Qdg7#) 56... a4 57. Qe2+ c2 58. Qe5+ Kb1 59.
Qf5 (59. Qg5 {doesn't get the bull off the ice} a3 60. Qe5 a2 61. Qg5 a1=Q 62.
Qe3 Qad4 63. Qg3 Qbd6 64. Qxd6 Qxd6+ 65. Kg1 c1=Q+ 66. Kf2 Qf6+ 67. Kg3 Qcf4#)
59... a3 60. g4 (60. Kg3 {does not save the day} a2 61. Qg5 a1=Q 62. h4 Qe1+
63. Kg4 Qe4+ 64. Kh3 Qc3+ 65. Kh2 Qce5+ 66. g3 Qe2+ 67. Kh3 Qf1+ 68. Kh2 Qee2#)
60... a2 (60... a2 61. Kg3 Qe1+ 62. Kf3 a1=Q 63. Qb5+ Qb2 64. Qxb2+ Kxb2 65. g5
c1=Q 66. Kg4 Qe5 67. h4 Qd1+ 68. Kh3 Qf3#) 0-1

[Event "The Asheboro Open XXI"]
[Site "?"]
[Date "2007.02.10"]
[Round "2"]
[White "Simpson, Ron"]
[Black "Callis, Tracy"]
[Result "1-0"]
[WhiteElo "2320"]
[BlackElo "1950"]
[Annotator "Fritz 9 (30s)"]
[PlyCount "67"]
[SourceDate "2006.11.11"]

{E68: King's Indian: Fianchetto: 6...Nbd7 7 0-0 e5 8 e4} 1. Nf3 Nf6 2. c4 g6 3.
g3 Bg7 4. Bg2 O-O 5. O-O d6 6. d4 c6 7. Nc3 Nbd7 8. Qc2 e5 9. Rd1 Qe7 10. e4 h6
(10... Ne8 11. Bg5 f6 12. Be3 f5 13. exf5 gxf5 14. Re1 Qf7 15. Ng5 Qxc4 16. Bf1
Qb4 17. a3 Qa5 18. b4 Qd8 19. Ne6 Qf6 20. Nxf8 Nxf8 21. dxe5 dxe5 22. Rad1 Ng6
23. f4 e4 24. Na4 Nc7 25. Bd4 {
Strikovic,A (2478)-Villar Nieves,A (2214)/Ortigueira 2004/CBM 101 ext/1-0 (37)}
) 11. b3 (11. h3 exd4 12. Nxd4 Re8 13. Bf4 Ne5 14. b3 g5 15. Be3 g4 16. h4 Bd7
17. Re1 Rad8 18. Rad1 Bc8 19. Nf5 Bxf5 20. exf5 Qc7 21. Bf4 Qa5 22. Bd2 Qb6 23.
Be3 Qa5 24. Bd2 Qc7 25. Bf4 Qa5 {Vassallo Barroche,M (2470)-Hernandez Guerrero,
G (2567)/Mislata 2001/EXT 2002/1/2-1/2}) 11... c5 $146 (11... Re8 12. Rb1 Nf8
13. Ba3 c5 14. dxc5 dxc5 15. Nd5 Nxd5 16. cxd5 b6 17. b4 cxb4 18. Bxb4 Qf6 19.
Nd2 Bd7 20. Nc4 Nh7 21. Rd3 Rec8 22. Rc3 a5 23. Ba3 b5 24. Nxa5 Rxc3 25. Qxc3
Ng5 26. Nc6 {
Kirchanov,A (2331)-Mikhalev,V (2183)/Novosibirsk 2001/CBM 083 ext/1-0 (36)}) (
11... a5 12. Ba3 exd4 13. Nxd4 Nc5 14. Rd2 Re8 15. f3 Nfd7 16. Rad1 Qf6 17.
Nde2 Bf8 18. Bb2 Qd8 19. Nf4 Ne5 20. Kh1 Qc7 21. Nce2 b6 22. Nc1 Be6 23. Ncd3
Bc8 24. Nxc5 dxc5 25. Qc3 b5 26. cxb5 {
Koval,D-Kocsis,G (2290)/Sarospatak 1995/EXT 99/1-0 (37)}) (11... Nh7 12. Ba3
Ng5 13. Nxg5 hxg5 14. dxe5 Bxe5 15. Qd2 Qf6 16. Rac1 Nc5 17. f3 Ne6 18. Ne2 c5
19. Rf1 Nd4 20. Nc3 Qh8 21. Bb2 Qh5 22. Ne2 Nxe2+ 23. Qxe2 Be6 24. Rcd1 b6 25.
Rd2 Rfe8 26. Qf2 {
Schneider,A (2390)-Kahn,E (2390)/Budapest 1993/EXT 97/1/2-1/2 (41)}) (11...
exd4 $142 $5 {has some apparent merit} 12. Nxd4 Nc5 $11) 12. dxc5 $16 Nxc5 13.
Ba3 b6 {Consolidates c5} 14. b4 {White threatens to win material: b4xc5} Nb7
15. Rac1 {White has an active position} Be6 {
Black threatens to win material: Be6xc4} 16. Qd3 Rfd8 (16... Rfc8 17. Nd5 Qd8
18. Ne3 $11) 17. Nd2 {White has an active position} (17. Bb2 Rdc8 18. Nd2 h5
$16) 17... Rac8 (17... a5 $5 $11 {should not be overlooked}) 18. Nd5 Bxd5 (
18... Qd7 19. Bb2 $16) 19. cxd5 (19. exd5 $6 a5 $11) 19... Qd7 (19... a5 20. b5
$16) 20. Qa6 $18 Rxc1 (20... Rf8 $5 $18) 21. Rxc1 (21. Bxc1 $6 Ra8 $16) 21...
Rc8 (21... Ra8 22. Nc4 Rc8 23. Qxa7 $18) 22. Qxa7 Rxc1+ (22... b5 23. Qb6 $18)
23. Bxc1 Qc7 (23... b5 {doesn't get the cat off the tree} 24. Qb6 $18) 24. Nb3
h5 (24... b5 {doesn't get the bull off the ice} 25. Qa6 $18) 25. Be3 Ng4 (25...
Qc8 {cannot undo what has already been done} 26. Qxb6 Ng4 27. Bh3 $18) 26. Bxb6
Qc2 (26... Qc8 {doesn't improve anything} 27. Qa4 Qc2 28. Qa8+ Bf8 29. h3 $18)
27. Qxb7 Qd1+ (27... Qxa2 {is not much help} 28. Qc8+ Kh7 29. Qc4 $18) 28. Bf1
Nxh2 {Demolition of pawn structure} 29. Qc8+ (29. Kxh2 {
Theme: Deflection from f1} Qxf1) 29... Kh7 30. Kxh2 (30. Qc1 {
might be the shorter path} Nf3+ 31. Kh1 Qxc1 32. Nxc1 h4 33. gxh4 Bh6 $18)
30... Qxf1 31. Qc3 (31. Be3 $142 {ends the debate} Qe2 32. Qd7 Qf3 $18) 31...
h4 32. Qf3 (32. Nd2 $142 {makes it even easier for White} Qb5 33. Nc4 hxg3+ 34.
Kxg3 $18) 32... Bh6 (32... hxg3+ {does not save the day} 33. Kxg3 Kg8 34. Kh2
$18) 33. Be3 (33. Qxf7+ $142 {and White has prevailed} Bg7 34. gxh4 $18) 33...
h3 (33... Bxe3 {there is nothing else anyway} 34. Qxe3 hxg3+ 35. fxg3 Kg8 $18)
34. Nd2 (34. Nd2 Qg2+ 35. Qxg2 hxg2 36. Bxh6 $18) 1-0

[Event "The Asheboro Open XXI"]
[Site "?"]
[Date "2007.02.10"]
[Round "1"]
[White "Timmel, John"]
[Black "Tiselsky, Eugene"]
[Result "1-0"]
[WhiteElo "2055"]
[BlackElo "1784"]
[Annotator "Fritz 9 (30s)"]
[PlyCount "71"]
[SourceDate "2006.11.11"]

{A08: King's Indian Attack} 1. e4 c5 2. Nf3 e6 3. d3 Nc6 4. g3 d5 5. Nbd2 Nf6
6. Bg2 Be7 7. O-O O-O 8. Re1 Qc7 9. e5 Nd7 10. Qe2 Rb8 11. Nf1 b5 12. Bf4 b4 (
12... Nb6 13. h4 Na4 14. Rab1 Bb7 15. h5 c4 16. d4 b4 17. h6 g6 18. Qe3 Qd8 19.
N1h2 Nb6 20. Ng4 Nd7 21. Rbd1 b3 22. c3 bxa2 23. Ra1 Ba8 24. Rxa2 Rb3 25. Qd2
a5 26. Bg5 Bxg5 27. Nxg5 {
Hernandez Gallardo,F (2255)-Galiana Salom,J (2205)/Spain 1998/EXT 2002/1-0 (41)
}) (12... a5 13. h4 Ba6 14. Ne3 Qb6 15. Ng5 g6 16. Ng4 c4 17. h5 b4 18. hxg6
hxg6 19. Nh6+ Kg7 20. Nhxf7 Nd4 21. Qg4 Rxf7 22. Be3 Bc5 23. Bxd4 Bxd4 24. Qxd4
Rf5 25. Qxb6 Rxb6 26. f4 cxd3 27. cxd3 {
Gross,S (2310)-Kastner,V (1919)/Litomysl 2003/CBM 098 ext/1-0}) 13. h4 Ba6 14.
Ne3 $146 (14. N1h2 Qb6 15. h5 Rfc8 16. h6 g6 17. Ng4 c4 18. Bh3 Nd4 19. Nxd4
Qxd4 20. Nf6+ Bxf6 21. exf6 cxd3 22. cxd3 Bxd3 23. Qd1 Ra8 24. Re3 Nc5 25. Bf1
Qxb2 26. Bxd3 Nxd3 27. Rxd3 Qxf6 28. Rc1 Rc3 {
Piochacz,P-Lange,C (1785)/Oberhof 1999/EXT 2000/1/2-1/2 (59)}) 14... Rfc8 (
14... Nb6 15. h5 h6 16. Nd2 $15) 15. Ng4 (15. Nxd5 $142 $5 {
might be a viable alternative} exd5 16. e6 $14) 15... Qa5 16. Ng5 c4 {
Black wins space} 17. Nf6+ gxf6 18. exf6 Nxf6 19. Bxb8 (19. Nxf7 $5 Kxf7 20.
Qxe6+ Kg7 21. Bxb8 Rxb8 22. Qxc6 $15) 19... Rxb8 $17 (19... Nxb8 $6 20. Nxf7 {
Demolishes the pawn shield} Rc6 21. Ng5 $14) 20. Nxf7 {
Demolition of pawn structure} Nd4 (20... Kxf7 {Decoy theme: f7} 21. Qxe6+ {
Theme: Double Attack}) 21. Nh6+ Kg7 (21... Kh8 $5 22. Qe5 Qb6 23. dxc4 $19) 22.
Qe5 Nxc2 $4 {stumbles just before the finish line} (22... Qb6 $142 23. Rac1 Rf8
$17) 23. Nf5+ $1 $18 {A double attack} exf5 {Exploits the pin.} (23... Kh8 {
is the last straw} 24. Qxb8+ Qd8 25. Qxd8+ Bxd8 26. Rxe6 Bc8 $18) 24. Qxe7+ Kg8
25. Qxf6 Nxe1 26. Qe6+ Kf8 (26... Kg7 {doesn't change the outcome of the game}
27. Qe5+ Kf7 28. Qxf5+ Kg8 29. Bxd5+ Qxd5 30. Qxd5+ Kh8 31. Rxe1 Rf8 32. Qe5+
Kg8 33. Qg5+ Kh8 34. Re7 Rf7 35. Re8+ Rf8 36. Rxf8#) 27. Qd6+ (27. Qxe1 $6 {
is not possible} Re8 28. Qd2 Qb6 $16) 27... Kg7 (27... Kg8 {
doesn't get the bull off the ice} 28. Bxd5+ Qxd5 29. Qxd5+ Kh8 30. Qe5+ Kg8 31.
Qxb8+ Kg7 32. Rxe1 c3 33. Re7+ Kg6 34. Qg8+ Kh5 35. Rxh7#) 28. Qxb8 (28. Rxe1
Qb6 29. Qe7+ Kh8 30. Qe5+ Kg8 31. Bxd5+ Qe6 32. Bxe6+ Kf8 33. Qf6+ Ke8 34.
Bxf5#) 28... Nxg2 (28... Nxd3 {is not the saving move} 29. Qxa7+ Kf6 30. Bf1
$18) 29. Qe5+ Kg6 (29... Kf7 {there is nothing better in the position} 30.
Qxf5+ Ke7 31. dxc4 Bxc4 $18) 30. h5+ Kf7 31. Qxf5+ Kg7 (31... Ke7 32. Qxh7+ Kd6
33. Qg6+ Kc5 34. d4+ Kxd4 35. Rd1+ Kc5 36. Rxd5+ Kxd5 37. Qf5+ Kc6 38. Qxa5 Bb5
39. Kxg2 c3 40. bxc3 Bd3 41. cxb4 Bb1 $18) 32. h6+ Kg8 33. Qf6 (33. Kxg2 Qc7
34. Re1 Bb5 35. Qxd5+ Kf8 36. Qf5+ Qf7 37. Qc5+ Kg8 38. Qxb5 Qf6 39. Qd5+ Kf8
40. Qa8+ Qd8 41. Qf3+ Kg8 42. Qg4+ Qg5 43. Qxg5+ Kh8 44. Re8#) 33... Qc7 $18 {
Black intends c3} 34. Qxa6 (34. Kxg2 Qf7 35. Qd8+ Qf8 36. Qg5+ Kf7 37. Qf5+ Ke8
38. Re1+ Qe7 39. Rxe7+ Kxe7 40. Qxh7+ Kd6 41. Qg6+ Kc5 42. Qxa6 Kd4 43. h7 Kxd3
44. Qg6+ Kd2 45. h8=Q Kc1 46. Qhh6+ Kxb2 47. Qd2+ Ka1 48. Qc1+ Kxa2 49. Qgb1#)
34... c3 (34... cxd3 35. Kxg2 Qd7 36. Qxd3 Qe6 $18) 35. Qe6+ Kf8 36. Kxg2 (36.
Kxg2 Qe7 37. Qf5+ Qf7 38. Qe5 Qe7 39. Qh8+ Kf7 40. Qxh7+ Kf6 41. Qxe7+ Kxe7 42.
h7 c2 43. Re1+ Kd7 44. h8=Q Kc7 45. Re7+ Kb6 46. Qb8+ Kc5 47. Qxa7+ Kc6 48.
Re6+ Kb5 49. Qb7+ Ka4 50. Ra6#) 1-0

[Event "The Asheboro Open XX"]
[Site "?"]
[Date "2007.01.13"]
[Round "1"]
[White "Helfst, Matt"]
[Black "Jodrey, Joshua"]
[Result "1-0"]
[WhiteElo "1734"]
[BlackElo "1897"]
[Annotator "Fritz 9 (30s)"]
[PlyCount "82"]
[SourceDate "2006.11.11"]

{D11: Slav Defence: 3 Nf3 sidelines and 3...Nf6 4 e3 Bg4} 1. Nf3 c6 2. g3 d5 3.
d4 Nf6 4. Bg2 Bf5 5. c4 e6 6. Qb3 Qb6 7. O-O $146 (7. Nc3 Qxb3 8. axb3 Bb4 9.
Bd2 Nbd7 10. O-O Be7 11. Rfc1 Ne4 12. Be3 Bf6 13. cxd5 exd5 14. b4 O-O 15. Na4
Nd6 16. Bf4 Nb5 17. e3 Be4 18. g4 a5 19. bxa5 Rxa5 20. b4 Ra6 21. Nc5 Nxc5 {
Gasztonyi,E-Barcza,G/Budapest 1957/EXT 2000/1/2-1/2 (41)}) (7. c5 Qxb3 8. axb3
Nbd7 (8... Bxb1 9. Rxb1 Na6 10. Ne5 Nd7 11. Nxd7 Kxd7 12. Bf4 b6 13. Ra1 Nb4
14. Rc1 bxc5 15. dxc5 e5 16. Bh3+ Kc7 17. Bxe5+ Kb7 18. Kd2 f6 19. Bd4 Be7 20.
Rc3 Rhb8 21. Ra1 Kc7 22. Ra5 Rb7 23. Rc1 {
Alberdi Sololuze,P-Alonso Fernandez,M (2143)/Formigal 2002/EXT 2003/1-0 (70)})
9. b4 a6 10. Nc3 Rc8 11. Nh4 Bc2 12. f4 (12. Kd2 Bg6 13. Nxg6 hxg6 14. f4 Be7
15. Kc2 Ng4 16. h3 Nf2 17. Rf1 Ne4 18. Nxe4 dxe4 19. g4 Nf6 20. Bd2 Rd8 21. e3
Nd5 22. Bxe4 Rxh3 23. Rae1 f5 24. Bd3 Rh2 25. Re2 Rh3 26. Bc4 Kd7 {
Hjorth,G (2390)-Sailer,D/USA 1990/EXT 2000/1-0 (59)}) 12... Ne4 13. Bxe4 Bxe4
14. Rf1 Be7 15. Nf3 Bf5 16. Be3 h5 17. h4 Bd8 18. Kd2 Bc7 19. Ne5 Nb8 20. Bf2
f6 21. Nd3 Nd7 {
Nemeth,A (2265)-Nikolaidis,I (2540)/Szekszard 1995/EXT 99/0-1 (36)}) 7... dxc4
(7... Nbd7 8. Nbd2 $15) 8. Qxc4 $11 h6 {Consolidates g5} (8... Bb4 9. Nbd2 $11)
9. Nc3 Be7 (9... Nbd7 10. Re1 $14) 10. Ne5 $16 Nbd7 11. Nxd7 Nxd7 12. e4 {
White threatens to win material: e4xf5} Bg6 13. e5 {
White has a new backward pawn: d4} (13. h3 $5 $14 {
looks like a viable alternative}) 13... O-O $11 14. Qe2 Rfd8 (14... Qxd4 $2 {
doesn't lead to anything significant} 15. Rd1 Qxe5 16. Rxd7 Qxe2 17. Nxe2 $18)
15. Be3 {White has an active position} Qa5 (15... Qb4 $5 $11 {
deserves consideration}) 16. f4 $14 Nb6 17. g4 c5 18. dxc5 $4 {
hands over the advantage to the opponent.} (18. Rad1 cxd4 19. Bxd4 Rxd4 20.
Rxd4 $11) 18... Bd3 $17 19. Qf2 Nc4 20. Kh1 Nxe3 21. Qxe3 Bxc5 22. Qf3 Bxf1 23.
Rxf1 Bd4 (23... Rd2 $142 $5 24. g5 Rxb2 25. gxh6 g6 $19 (25... gxh6 $6 26. Ne4
$11)) 24. Ne4 $15 Qxa2 {Black has a decisive advantage} 25. Nd6 $2 (25. g5 Qxb2
26. gxh6 g6 $11) 25... Bxb2 $4 {forfeits the advantage} (25... Rd7 $5 26. b4
Qd2 27. Nxb7 $19) 26. Qxb7 (26. g5 $142 $5 {is an interesting idea} Rd7 27.
gxh6 $11) 26... Rf8 $17 27. Nxf7 {Demolition of pawn structure} Rab8 (27...
Rxf7 {Theme: Deflection from a8} 28. Qxa8+) 28. Qc7 (28. Nxh6+ gxh6 29. Qe4 Rf7
$19) 28... Rbc8 29. Qd7 Rc1 30. Rxc1 Bxc1 31. Nd8 (31. Nxh6+ gxh6 32. Be4 Rxf4
33. Qh7+ Kf8 34. Qxh6+ Ke7 35. Qg5+ Kd7 36. Qg7+ Kd8 37. Qh8+ Kc7 38. Qg7+ Kb6
39. Qb7+ Kc5 40. Qc6+ Kd4 $19) 31... Bxf4 (31... Qe2 32. Qf7+ Rxf7 33. h4 Qe1+
34. Kh2 Bxf4+ 35. Kh3 Qg3#) 32. Qxe6+ $19 Qxe6 33. Nxe6 Rb8 34. Bd5 Rb1+ 35.
Kg2 Bxe5 $4 {makes life more difficult.} (35... Rb2+ $142 {seems even better}
36. Kf3 Bxh2 $19) 36. Nd8+ $4 {with this move White loses his initiative} (36.
Nf4+ $142 $1 {is just about the only chance} Kh7 37. Be4+ Kg8 38. Bd5+ Kh7 39.
Be4+ Kg8 40. Bd5+ $11) 36... Kf8 $19 37. Nc6 Bb8 (37... Rb5 {
might be the shorter path} 38. Bc4 Rc5 39. Nxe5 Rxe5 40. Ba6 $19) 38. h4 (38.
Kf3 {hardly improves anything} Rb5 39. Be4 Rb3+ 40. Ke2 Bf4 $19) 38... Ke8 (
38... Rb5 {and Black can already relax} 39. Bf3 $19) 39. Kf3 Kd7 40. Ke4 (40.
h5 $19 {no good, but what else?}) 40... Kd6 41. Nd4 (41. g5 $19 {
there is nothing better in the position}) 41... Re1+ 1-0

[Event "The Asheboro Open XX"]
[Site "?"]
[Date "2007.01.13"]
[Round "1"]
[White "Huang, Kevin"]
[Black "Simpson, Ron"]
[Result "0-1"]
[WhiteElo "1830"]
[BlackElo "2320"]
[Annotator "Fritz 9 (30s)"]
[PlyCount "67"]
[SourceDate "2006.11.11"]

{A22: English Opening: 1...e5 2 Nc3 Nf6} 1. c4 Nf6 2. Nc3 e5 3. g3 Bb4 4. Bg2
O-O 5. Nf3 Re8 6. O-O Nc6 7. d3 d5 (7... Nd4 8. Nxd4 exd4 9. Nb5 Bc5 10. Bg5 c6
11. Bxf6 gxf6 12. Na3 Qe7 13. e3 dxe3 14. fxe3 Qxe3+ 15. Kh1 Qe2 16. d4 Bxa3
17. bxa3 Qxd1 18. Raxd1 b6 19. d5 Bb7 20. Rxf6 cxd5 21. Rdf1 Bc6 22. Bxd5 {
Greenfeld,A (2555)-Tseitlin,M (2540)/Jerusalem 1996/CBM 056/1/2-1/2}) 8. cxd5
Nxd5 9. Bd2 $146 (9. Nxd5 Qxd5 10. Be3 (10. Ng5 Qd7 11. Qb3 a5 12. a3 Nd4 13.
Qxf7+ Qxf7 14. Nxf7 Nxe2+ 15. Kh1 Bf8 16. Ng5 h6 17. Ne4 Rd8 18. Be3 Nd4 19.
Rac1 c6 20. Nc5 Rb8 21. Bxd4 Rxd4 22. Be4 a4 23. b4 axb3 24. Nxb3 Ra4 {
Ovsiannikov,M (2126)-Petukhov,D (2234)/Evpatoria 2003/EXT 2005/0-1 (45)}) 10...
Qe6 11. a3 Bf8 12. b4 a5 13. b5 Nd8 14. Qc2 c6 15. d4 cxb5 16. Nxe5 f6 17. Nd3
Bd7 18. d5 Qf7 19. Qd2 Bd6 20. Nc5 Bf5 21. Rfc1 Qe7 22. Qb2 Be5 23. Bd4 Bxd4 {
Lalic,B (2515)-Messing,H (2355)/Pula 1993/EXT 99/1-0 (32)}) 9... h6 {
Consolidates g5} (9... Nb6 10. Rc1 $11) 10. a3 {
White threatens to win material: a3xb4} Bf8 11. e3 {Secures d4+f4} (11. Nxd5
Qxd5 12. Rc1 Qd6 $11) 11... Nb6 {Black has an active position} 12. Qc2 Bf5 {
Black threatens to win material: Bf5xd3} 13. e4 {
White threatens to win material: e4xf5} (13. Ne4 Qd7 $15) 13... Bg4 $15 14. Be3
Qd7 15. Rfd1 Rad8 16. Ne2 Qe6 {Black has an active position} 17. Rac1 Rd7 (
17... a6 $5 $15 {deserves consideration}) 18. d4 $14 Bxf3 19. Bxf3 exd4 20.
Bxd4 {White has the pair of bishops.} (20. Nxd4 Nxd4 21. Bxd4 c5 $14) 20...
Red8 (20... Nxd4 $5 {looks like a viable alternative} 21. Nxd4 Qf6 $15) 21. Nf4
$14 {White threatens to win material: Nf4xe6} Qe7 22. Bxb6 axb6 {
Opposite coloured bishops appeared} 23. Nd5 {
White threatens to win material: Nd5xe7} Qe6 24. b4 Bd6 25. Bg2 Ne7 26. Nxe7+
Bxe7 (26... Qxe7 $2 27. Bh3 $18) 27. f4 c6 28. Rxd7 Qxd7 29. Bf3 (29. Qc3 $5
$11) 29... Qd4+ $15 30. Kf1 $4 (30. Kg2 $142 {would bring relief} Qe3 31. Rd1
Rxd1 32. Qxd1 Qxa3 33. b5 $15) 30... Qe3 $19 31. Be2 Rd2 32. Qc4 Rxe2 $1 {
Annihilates a defender: e2} 33. Qxe2 {A deflection} Qxc1+ 34. Kf2 0-1